000 00612nam a22001937a 4500
005 20100809141749.0
010 _aENG-99140
020 _a9380557035
_c40.00
035 _aEN-82672
037 _bDBAD/PUB
082 _aS
100 _aNair,G Balagopalan
_910481
245 _aThe sublime love /
_cby G Balagopalan Nair
260 _aThrissur
_bH & S Stores
_c2009
270 _aH & C Publishing House
_bThrissur
_e680001
300 _a63p
_c19cm(pbk)
942 _2ddc
_cEN
_hS
_mNAI
999 _c40371
_d40371